000 01483nam a22003017a 4500
001 20531
003 CO-MdFUSB
005 20180622072743.0
008 160926t2004 xxu||||| |||| 00| 0 eng d
020 _a9780567025906
040 _aCO-MdFUSB
_bEspañol
_cCO-MdFUSB
_dCO-MdFUSB
_erda
041 _aeng
082 _224
_aG 220.6
_bL776l
100 1 _aRinge, Sharon H., (Editor)
245 0 0 _aLiterary encounters with the reign of God
_c/ Editado por Sharon H. Ringe,
264 4 _aNew York :
_bT & T Clark International,
_c©2004
300 _axiv, 368 páginas
336 _2rdacontent
_a1
_ba1
337 _2rdamedia
_a2
_b5
338 _2rdacarrier
_a2
_b5
500 _aEncuentros literarios con el reino de Dios - Ensayos sobre el reino de Dios
505 _aLa conformación de la histórica heroica de Jesús: implicaciones teológicas -- La provisión de Dios para el bien - ser de las criaturas vivientes en la Génesis 9 -- El significado de la “duda” en Mateo 28:17 una lectura crítica narrativa -- "Los ministros de la providencia divina": Diodoro de Sicilia y Lucas el Evangelista, en la importancia de la retórica a la audiencia en la disposición narrativa -- El final de la Biblia tal como la conocemos: La metamorfosis de las tradiciones bíblicas en la era electrónica
650 7 _9404
_aBiblia
_xCrítica, interpretación, etc.
650 7 _9417
_aBiblia
_xHermenéutica
720 _aH. C. Paul Kim
_eEditor
942 _cBK
999 _c46882
_d46882